Patentes, marcas y diseño industrial /

Contiene el texto corregido y actualizado de las leyes españolas de patentes, marcas y protección jurídica del diseño industrial y sus reglamentos de ejecución.

Gespeichert in:
Bibliographische Detailangaben
Körperschaft: España
Format: Buch
Sprache:Spanisch
Veröffentlicht: Navarra, España : Civitas, 2005, c2005
Ausgabe:7a edición
Schriftenreihe:(Biblioteca de Legislación ; Serie Menor) 79.
Schlagworte:
Tags: Tag hinzufügen
Keine Tags, Fügen Sie das erste Tag hinzu!

MARC

LEADER 00000nam^a2200000^a^4500
001 000185370
005 20250521000000.0
009 20260310102148.108
020 |a 84-470-2377-X 
037 |a Acervo ITESO - Biblioteca 
041 |a ESP 
082 |a 346. 46048  |b ESP 2005 
110 |a España 
240 1 1 |a [Patentes y marcas] 
240 1 1 |a [Leyes, etc.] 
245 1 0 |a Patentes, marcas y diseño industrial / 
250 |a 7a edición 
264 4 |a Navarra, España :  |b Civitas,  |c 2005, c2005 
300 |a 390 p. 
336 |a texto  |b txt  |2 rdacontenido 
337 |a sin mediación  |b n  |2 rdamedio 
338 |a volumen  |b nc  |2 rdasoporte 
440 1 |a (Biblioteca de Legislación ;  |v 79.  |p Serie Menor) 
520 |a Contiene el texto corregido y actualizado de las leyes españolas de patentes, marcas y protección jurídica del diseño industrial y sus reglamentos de ejecución. 
649 |a XX 
650 |a Marcas Registradas -  |z España 
650 |a Diseño Industrial -  |z España 
650 |a Patentes -  |z España 
650 |a Propiedad Industrial -  |z España 
650 |a Derecho de Autor -  |z España 
650 |a Propiedad Intelectual -  |z España 
650 |a Derecho de Propiedad -  |z España -  |x Leyes y Reglamentos 
650 |a Derecho Mercantil -  |z España -  |x Leyes y Reglamentos 
650 |a Derecho Civil -  |z España -  |x Leyes y Reglamentos 
650 |a Derecho Privado -  |z España -  |x Leyes y Reglamentos 
910 |a Fondo General 
920 |a Impresos - Libros 
930 |a Colección General 
905 |a 101 
901 |a 0500126803  |b IT1  |c ACC  |u 20250521 
902 |a https://opac.biblio.iteso.mx/vufind/Record/000185370